[Event "Sousse BICA op 1st"]
[Site "Sousse"]
[Date "2021.12.25"]
[Round "3"]
[White "Miladi, Amen"]
[Black "Bahloul, Ahmed"]
[Result "1/2-1/2"]
[WhiteElo "1669"]
[BlackElo "1492"]
[PlyCount "75"]
[EventDate "2021.12.24"]
[EventType "swiss"]
[EventRounds "9"]
[EventCountry "TUN"]
[SourceTitle "CBM 205 Extra"]
[Source "ChessBase"]
[SourceDate "2022.01.31"]
[SourceVersion "1"]
[SourceVersionDate "2022.01.31"]
[SourceQuality "1"]

1. e4 e6 2. d4 d5 3. Nd2 Nf6 4. e5 Nfd7 5. f4 c5 6. c3 Nc6 7. Ndf3 Be7 8. Bd3 a5 9. Ne2 b6 10. 0-0 Ba6 11. Bb1 cxd4 12. cxd4 Nf8 13. Rf2 Ng6 14. f5 exf5 15. Bxf5 0-0 16. Be3 Bc8 17. Bc2 Nb4 18. Bb1 Be6 19. a3 Nc6 20. Qd3 a4 21. Ba2 Na5 22. Nd2 Qd7 23. Nc3 Rfd8 24. Qb5 Nxe5 25. dxe5 d4 26. Qxd7 Rxd7 27. Bxd4 Rxd4 28. Bxe6 fxe6 29. Re2 Rad8 30. Nf3 Rc4 31. Re4 Rxe4 32. Nxe4 Nc4 33. Rb1 b5 34. Nc3 Rb8 35. Kf2 b4 36. Nxa4 bxa3 37. b3 Na5 38. Nd4 1/2-1/2

[Event "TUN-ch U20"]
[Site "Monastir"]
[Date "2021.03.15"]
[Round "3"]
[White "Ben Abbas, Ayoub"]
[Black "Bahloul, Ahmed"]
[Result "1/2-1/2"]
[WhiteElo "1285"]
[BlackElo "1485"]
[PlyCount "98"]
[EventDate "2021.03.14"]
[EventType "swiss"]
[EventRounds "9"]
[EventCountry "TUN"]
[SourceTitle "EXT 2022"]
[Source "ChessBase"]
[SourceDate "2021.10.06"]
[SourceVersion "1"]
[SourceVersionDate "2021.10.06"]
[SourceQuality "1"]

1. e4 e6 2. d4 d5 3. exd5 exd5 4. Bd3 Bd6 5. h3 Nf6 6. Nf3 0-0 7. 0-0 Be6 8. Re1 Nbd7 9. Ng5 Re8 10. Nxe6 fxe6 11. c3 c5 12. dxc5 Nxc5 13. Bc2 Qb6 14. Nd2 Bc7 15. Nf3 Nce4 16. Qd4 Rad8 17. Qxb6 Bxb6 18. Bxe4 Nxe4 19. Be3 Rd6 20. Nd4 Bxd4 21. Bxd4 b6 22. f3 Nc5 23. b4 Nd3 24. Re2 e5 25. Rd1 Nf4 26. Rxe5 Red8 27. Re7 Rg6 28. Rd2 Nxh3+ 29. Kh2 Nf4 30. Be3 Nh5 31. Re5 Nf6 32. Bg5 Rc8 33. Bxf6 gxf6 34. Rexd5 Rxc3 35. Rd7 a5 36. Rb7 Rh6+ 37. Kg1 Rc1+ 38. Kf2 Rc8 39. Rxb6 axb4 40. Rxb4 Kf7 41. a4 Rh5 42. Rb5 Rh4 43. Rb7+ Ke6 44. a5 Ra8 45. Ra2 h5 46. a6 Rd4 47. a7 Rd7 48. Rb8 Raxa7 49. Rxa7 Rxa7 1/2-1/2